Social work : (Record no. 31501)

000 -LEADER
fixed length control field 01099cam a2200313 i 4500
001 - CONTROL NUMBER
control field 20251772
005 - DATE AND TIME OF LATEST TRANSACTION
control field 20230105134124.0
008 - FIXED-LENGTH DATA ELEMENTS--GENERAL INFORMATION
fixed length control field 180108s2019 mau b 001 0 eng
010 ## - LIBRARY OF CONGRESS CONTROL NUMBER
LC control number 2017058093
020 ## - INTERNATIONAL STANDARD BOOK NUMBER
International Standard Book Number 9780134695792
020 ## - INTERNATIONAL STANDARD BOOK NUMBER
International Standard Book Number 0134695798
040 ## - CATALOGING SOURCE
Original cataloging agency DLC
Language of cataloging eng
Transcribing agency DLC
Description conventions rda
Modifying agency DLC
042 ## - AUTHENTICATION CODE
Authentication code pcc
043 ## - GEOGRAPHIC AREA CODE
Geographic area code n-us---
050 00 - LIBRARY OF CONGRESS CALL NUMBER
Classification number HV40
Item number .D78 2019
082 00 - DEWEY DECIMAL CLASSIFICATION NUMBER
Classification number 361.3/2
Edition number 23
100 1# - MAIN ENTRY--PERSONAL NAME
Personal name DuBois, Brenda,
Dates associated with a name 1949-,
Relator term author.
245 10 - TITLE STATEMENT
Title Social work :
Remainder of title an empowering profession /
Statement of responsibility, etc. Brenda DuBois and Karla Krogsrud Miley.
250 ## - EDITION STATEMENT
Edition statement Ninth edition.
260 ## - PUBLICATION, DISTRIBUTION, ETC. (IMPRINT)
Place of publication, distribution, etc. New York:
Name of publisher, distributor, etc. Pearson,
Date of publication, distribution, etc. 2019.
300 ## - PHYSICAL DESCRIPTION
Extent xix, 476 pages ;
Dimensions 25 cm
504 ## - BIBLIOGRAPHY, ETC. NOTE
Bibliography, etc Includes bibliographical references (pages 423-461) and index.
650 #0 - SUBJECT ADDED ENTRY--TOPICAL TERM
Topical term or geographic name as entry element Social service.
650 #0 - SUBJECT ADDED ENTRY--TOPICAL TERM
Topical term or geographic name as entry element Social service
Geographic subdivision United States.
700 1# - ADDED ENTRY--PERSONAL NAME
Personal name Miley, Karla Krogsrud,
Dates associated with a name 1942-
Relator term author.
906 ## - LOCAL DATA ELEMENT F, LDF (RLIN)
a 7
b cbc
c orignew
d 1
e ecip
f 20
g y-gencatlg
942 ## - ADDED ENTRY ELEMENTS (KOHA)
Source of classification or shelving scheme
Koha item type Hard Covered Materials
Classification part HV 40 .D78 2019
Holdings
Withdrawn status Lost status Source of classification or shelving scheme Damaged status Not for loan Home library Current library Shelving location Date acquired Source of acquisition Cost, normal purchase price Total Checkouts Full call number Barcode Date last seen Price effective from Koha item type
          MACHAKOS UNIVERSITY LIBRARY MACHAKOS UNIVERSITY LIBRARY Open shelf 25/11/2022 Donation (Educate Yourself) 15948.28   HV 40 .D78 2019 39286 06/01/2023 05/01/2023 Hard Covered Materials
© Machakos University Library, Along The Highway, Machakos Wote Rd, Machakos, Kenya P.O. Box 136 - 90100 Machakos - Kenya

Tel: ( +254 ) 723 805829 OR Fax : 044-20353 OR Email: library@mksu.ac.ke